<?xml version="1.0" encoding="UTF-8"?>
<record
    xmlns:xsi="http://www.w3.org/2001/XMLSchema-instance"
    xsi:schemaLocation="http://www.loc.gov/MARC21/slim http://www.loc.gov/standards/marcxml/schema/MARC21slim.xsd"
    xmlns="http://www.loc.gov/MARC21/slim">

  <leader>00412    a2200181   4500</leader>
  <controlfield tag="001">065904</controlfield>
  <controlfield tag="003">OSt</controlfield>
  <controlfield tag="005">20251209105349.0</controlfield>
  <controlfield tag="008">                                        </controlfield>
  <datafield tag="082" ind1=" " ind2=" ">
    <subfield code="a">512.02</subfield>
    <subfield code="b">S59A</subfield>
  </datafield>
  <datafield tag="100" ind1="1" ind2=" ">
    <subfield code="a">Seth, I.H.</subfield>
  </datafield>
  <datafield tag="245" ind1="1" ind2=" ">
    <subfield code="a">Abstract algebra</subfield>
    <subfield code="c">By I.h. Seth</subfield>
  </datafield>
  <datafield tag="260" ind1=" " ind2=" ">
    <subfield code="a">New Delhi</subfield>
    <subfield code="b">PHI</subfield>
    <subfield code="c">2009</subfield>
  </datafield>
  <datafield tag="300" ind1=" " ind2=" ">
    <subfield code="a">373p.</subfield>
  </datafield>
  <datafield tag="500" ind1=" " ind2=" ">
    <subfield code="a">English</subfield>
  </datafield>
  <datafield tag="690" ind1=" " ind2=" ">
    <subfield code="a">Algebra, Abstract</subfield>
  </datafield>
  <datafield tag="942" ind1=" " ind2=" ">
    <subfield code="2">ddc</subfield>
    <subfield code="c">BK</subfield>
  </datafield>
  <datafield tag="999" ind1=" " ind2=" ">
    <subfield code="c">160</subfield>
    <subfield code="d">160</subfield>
  </datafield>
  <datafield tag="952" ind1=" " ind2=" ">
    <subfield code="0">0</subfield>
    <subfield code="1">0</subfield>
    <subfield code="2">ddc</subfield>
    <subfield code="4">0</subfield>
    <subfield code="7">0</subfield>
    <subfield code="8">TXB</subfield>
    <subfield code="a">CURAJ</subfield>
    <subfield code="b">CURAJ</subfield>
    <subfield code="c">MTH</subfield>
    <subfield code="d">2012-03-07</subfield>
    <subfield code="e">MTH</subfield>
    <subfield code="f">Parnay Boo</subfield>
    <subfield code="g">250.00</subfield>
    <subfield code="i">171/11.12.2009</subfield>
    <subfield code="l">10</subfield>
    <subfield code="o">512.02 S59A</subfield>
    <subfield code="p">190</subfield>
    <subfield code="r">2025-05-30</subfield>
    <subfield code="s">2025-05-08</subfield>
    <subfield code="w">2020-09-02</subfield>
    <subfield code="y">BK</subfield>
    <subfield code="z">PHI, New Delhi</subfield>
  </datafield>
  <datafield tag="952" ind1=" " ind2=" ">
    <subfield code="0">0</subfield>
    <subfield code="1">0</subfield>
    <subfield code="2">ddc</subfield>
    <subfield code="4">0</subfield>
    <subfield code="7">0</subfield>
    <subfield code="8">TXB</subfield>
    <subfield code="a">CURAJ</subfield>
    <subfield code="b">CURAJ</subfield>
    <subfield code="c">MTH</subfield>
    <subfield code="d">2012-03-07</subfield>
    <subfield code="e">MTH</subfield>
    <subfield code="f">Parnay Boo</subfield>
    <subfield code="g">250.00</subfield>
    <subfield code="i">171/11.12.2009</subfield>
    <subfield code="l">5</subfield>
    <subfield code="o">512.02 S59A</subfield>
    <subfield code="p">191</subfield>
    <subfield code="r">2026-03-03</subfield>
    <subfield code="s">2026-02-19</subfield>
    <subfield code="w">2020-09-02</subfield>
    <subfield code="y">BK</subfield>
    <subfield code="z">PHI, New Delhi</subfield>
  </datafield>
  <datafield tag="952" ind1=" " ind2=" ">
    <subfield code="0">0</subfield>
    <subfield code="1">0</subfield>
    <subfield code="2">ddc</subfield>
    <subfield code="4">0</subfield>
    <subfield code="7">0</subfield>
    <subfield code="8">TXB</subfield>
    <subfield code="a">CURAJ</subfield>
    <subfield code="b">CURAJ</subfield>
    <subfield code="c">MTH</subfield>
    <subfield code="d">2012-03-07</subfield>
    <subfield code="e">MTH</subfield>
    <subfield code="f">Parnay Boo</subfield>
    <subfield code="g">250.00</subfield>
    <subfield code="i">171/11.12.2009</subfield>
    <subfield code="l">1</subfield>
    <subfield code="o">512.02 S59A</subfield>
    <subfield code="p">192</subfield>
    <subfield code="r">2025-05-20</subfield>
    <subfield code="s">2025-05-02</subfield>
    <subfield code="w">2020-09-02</subfield>
    <subfield code="y">BK</subfield>
    <subfield code="z">PHI, New Delhi</subfield>
  </datafield>
</record>
